Bairros da Zona Sul do Rio de Janeiro - Statistics

Estatísticas Gerais
  • Esse quiz foi jogado 295 vezes
  • A pontuação média é 14 de 18
Estatísticas das Respostas
- Bairro % Correto
- Copacabana
97%
- Botafogo
94%
- Ipanema
94%
- Leblon
94%
- Flamengo
92%
- Laranjeiras
78%
- Leme
77%
- Rocinha
74%
- Urca
73%
- São Conrado
71%
- Catete
70%
- Gávea
68%
- Lagoa
68%
- Vidigal
68%
- Glória
67%
- Humaitá
61%
- Jardim Botânico
60%
- Cosme Velho
49%
Nenhum quiz correspondente encontrado
Distribuição das Pontuações
Porcentagem de Pessoas com Cada Pontuação
Percentil de Números Respondidos
Sua Pontuação Histórica
Você não jogou esse quiz